<?xml version="1.0" encoding="UTF-8"?>
<record
    xmlns:xsi="http://www.w3.org/2001/XMLSchema-instance"
    xsi:schemaLocation="http://www.loc.gov/MARC21/slim http://www.loc.gov/standards/marcxml/schema/MARC21slim.xsd"
    xmlns="http://www.loc.gov/MARC21/slim">

  <leader>01527nam a2200289 i 4500</leader>
  <controlfield tag="003">DO-SdBNP</controlfield>
  <controlfield tag="005">20231017155250.0</controlfield>
  <controlfield tag="006">a||||gr|||| 00| 0 </controlfield>
  <controlfield tag="007">ta</controlfield>
  <controlfield tag="008">231003e2014    dr ad||| |||| 00| 0 spa d</controlfield>
  <datafield tag="040" ind1=" " ind2=" ">
    <subfield code="a">DO-SdBNP</subfield>
    <subfield code="b">spa</subfield>
    <subfield code="c">BNPHU</subfield>
    <subfield code="e">rda</subfield>
  </datafield>
  <datafield tag="082" ind1=" " ind2="4">
    <subfield code="2">22</subfield>
    <subfield code="b">R426no</subfield>
  </datafield>
  <datafield tag="110" ind1="1" ind2=" ">
    <subfield code="a">Rep&#xFA;blica Dominicana. Direcci&#xF3;n General de Comunicaci&#xF3;n.</subfield>
    <subfield code="9">84352</subfield>
    <subfield code="e">autor</subfield>
  </datafield>
  <datafield tag="245" ind1="1" ind2="0">
    <subfield code="a">NORTIC E1 2014:</subfield>
    <subfield code="c">norma para la gesti&#xF3;n de las redes sociales en los organismos gubernamentales. /</subfield>
  </datafield>
  <datafield tag="264" ind1=" " ind2="1">
    <subfield code="a">Santo Domingo :</subfield>
    <subfield code="b">OPTIC,</subfield>
    <subfield code="c">2014</subfield>
  </datafield>
  <datafield tag="300" ind1=" " ind2=" ">
    <subfield code="a">95 p&#xE1;ginas :</subfield>
    <subfield code="b">Ilustraciones, gr&#xE1;ficas ;</subfield>
    <subfield code="c">24 cm.</subfield>
  </datafield>
  <datafield tag="336" ind1=" " ind2=" ">
    <subfield code="2">rdacontent</subfield>
    <subfield code="a">texto</subfield>
    <subfield code="b">txt</subfield>
  </datafield>
  <datafield tag="337" ind1=" " ind2=" ">
    <subfield code="2">rdamedia</subfield>
    <subfield code="a">sin mediaci&#xF3;n</subfield>
    <subfield code="b">n</subfield>
  </datafield>
  <datafield tag="338" ind1=" " ind2=" ">
    <subfield code="2">rdacarrier</subfield>
    <subfield code="a">volumen</subfield>
    <subfield code="b">nc</subfield>
  </datafield>
  <datafield tag="490" ind1=" " ind2=" ">
    <subfield code="a">Categor&#xED;a: E</subfield>
  </datafield>
  <datafield tag="490" ind1=" " ind2=" ">
    <subfield code="a">documento ;</subfield>
    <subfield code="v">1</subfield>
  </datafield>
  <datafield tag="500" ind1=" " ind2=" ">
    <subfield code="a">Incluye abreviatura y acr&#xF3;nico.</subfield>
  </datafield>
  <datafield tag="504" ind1=" " ind2=" ">
    <subfield code="a">Bibliograf&#xED;a: p&#xE1;ginas 91</subfield>
  </datafield>
  <datafield tag="505" ind1=" " ind2=" ">
    <subfield code="a">Pr&#xF3;logo.--</subfield>
    <subfield code="g">Marco Legal.--</subfield>
    <subfield code="g">Introducci&#xF3;n.--</subfield>
    <subfield code="g">Cap&#xED;tulo I.</subfield>
    <subfield code="t">Norma para la Gesti&#xF3;n de las Redes Sociales en los Organismos Gubernamentales.--</subfield>
    <subfield code="g">Cap&#xED;tulo II.</subfield>
    <subfield code="t">Levantamiento el &#xE1;rea de Gesti&#xF3;n de Medios Sociales.--</subfield>
    <subfield code="g">Cap&#xED;tulo III.</subfield>
    <subfield code="t">Personalizaci&#xF3;n y Configuraci&#xF3;n de los Medios Sociales.--</subfield>
    <subfield code="g">Cap&#xED;tulo IV.</subfield>
    <subfield code="t">Gesti&#xF3;n de Redes Sociales.--</subfield>
    <subfield code="g">Cap&#xED;tulo V.</subfield>
    <subfield code="t">Posicionamiento de los medios Web.--</subfield>
    <subfield code="g">Cap&#xED;tulo VI.</subfield>
    <subfield code="t">Recomendaciones para la Gesti&#xF3;n Efectiva de los Medios Sociales.--</subfield>
    <subfield code="t">Glosario de t&#xE9;rminos.--</subfield>
    <subfield code="t">Abreviaturas y acr&#xF3;nimos.--</subfield>
    <subfield code="t">Bibliograf&#xED;a.--</subfield>
    <subfield code="t">Anexos.--</subfield>
    <subfield code="t">Equipo de Trabajo.</subfield>
  </datafield>
  <datafield tag="590" ind1=" " ind2=" ">
    <subfield code="a">Inventariado 2023 / MF</subfield>
  </datafield>
  <datafield tag="942" ind1=" " ind2=" ">
    <subfield code="2">ddc</subfield>
    <subfield code="c">LBS1</subfield>
  </datafield>
  <datafield tag="952" ind1=" " ind2=" ">
    <subfield code="0">0</subfield>
    <subfield code="1">0</subfield>
    <subfield code="2">ddc</subfield>
    <subfield code="5">1</subfield>
    <subfield code="7">0</subfield>
    <subfield code="8">PD</subfield>
    <subfield code="a">BNPHU</subfield>
    <subfield code="b">BNPHU</subfield>
    <subfield code="c">CT</subfield>
    <subfield code="d">2017-10-28</subfield>
    <subfield code="e">Dep&#xF3;sito Legal / Despacho</subfield>
    <subfield code="l">0</subfield>
    <subfield code="o">R426no</subfield>
    <subfield code="p">2023-6635</subfield>
    <subfield code="r">2023-10-03</subfield>
    <subfield code="w">2023-10-03</subfield>
    <subfield code="y">LBS1</subfield>
  </datafield>
  <datafield tag="999" ind1=" " ind2=" ">
    <subfield code="c">55061</subfield>
    <subfield code="d">55061</subfield>
  </datafield>
</record>
